000 00408nam a2200181Ia 4500
008 221030s9999 xx 000 0 und d
020 _a8120311779
041 _aEnglish
082 _a105.23
_bLan
100 _aY. Langsam
245 0 _aData Structures Using C & C++
250 _a2nd
260 _bPHI
_aDelhi
_c2006
300 _a672
650 _aComputers
700 _aM.J. Augenstein
942 _cBK
999 _c3511
_d3511